Economic environment of business : theory and the Indian case (Record no. 280860)

MARC details
000 -LEADER
fixed length control field 00549nam a2200217Ia 4500
003 - CONTROL NUMBER IDENTIFIER
control field OSt
005 - DATE AND TIME OF LATEST TRANSACTION
control field 20240912151134.0
008 - FIXED-LENGTH DATA ELEMENTS--GENERAL INFORMATION
fixed length control field 240126s9999 xx 000 0 und d
020 ## - INTERNATIONAL STANDARD BOOK NUMBER
International Standard Book Number 9788180549076
040 ## - CATALOGING SOURCE
Transcribing agency 0
041 ## - LANGUAGE CODE
Language code of text/sound track or separate title English
082 ## - DEWEY DECIMAL CLASSIFICATION NUMBER
Classification number 650 ADH;1 R
100 ## - MAIN ENTRY--PERSONAL NAME
Personal name Adhikary, M.
245 #0 - TITLE STATEMENT
Title Economic environment of business : theory and the Indian case
250 ## - EDITION STATEMENT
Edition statement 13th rev ed.
260 ## - PUBLICATION, DISTRIBUTION, ETC.
Name of publisher, distributor, etc. Sultan Chand
Place of publication, distribution, etc. New Delhi
300 ## - PHYSICAL DESCRIPTION
Extent xii, 857
440 ## - SERIES STATEMENT/ADDED ENTRY--TITLE
Title NULL
650 ## - SUBJECT ADDED ENTRY--TOPICAL TERM
Topical term or geographic name entry element Economic,environment,business
942 ## - ADDED ENTRY ELEMENTS (KOHA)
Koha item type Law Books
Source of classification or shelving scheme Dewey Decimal Classification
Holdings
Date last seen Total checkouts Full call number Accession number Volume/Issue Number Cost, total (INR) price Price effective from Category Lost status Source of classification or shelving scheme Damaged status Department Withdrawn status Home library Current library Shelving location Entry date Vendor Cost, normal purchase price Grants Billnumber Currency symbol Conversion rate Discount Old discount
26/01/2024   650 ADH;1 R LL403 (04/07/1905) 328.00 26/01/2024 Law Books   Dewey Decimal Classification   LAW   Law Library Law Library   15/03/2017 Aberuk.com 400.00 Law IN3325 RS 1 72 18
26/01/2024   650 ADH;2 R1 LL404 (04/07/1905) 328.00 26/01/2024 Law Books   Dewey Decimal Classification   LAW   Law Library Law Library   15/03/2017 Aberuk.com 400.00 Law IN3325 RS 1 72 18

© For any Suggestions or Query, please contact the library staff @ librarian@pes.edu or Phone: +9180 2672 1983/ 2108.